000 00896cab a2200217 4500
001 ABS37884
008 090401t1987 xxu||||| |||| 00| 0 eng d
035 _a(Sirsi) u7391
041 _aeng
100 _aGuy, C.M.
245 _aWalking trips to shops in British cities
260 _c1987
350 _a0
490 _aTown Planning Review
_v58(1) June 1987, 63-79(17)
520 _aThis paper examines the behaviour and needs of British shoppers who walk to shops. After an examination of existing published material, an empirical analysis of walking trips, based on research carried out in Cardiff is presented. The implications for local planning , particularly with regard to local shopping centres and convenience stores are discussed. References.
650 _aPEDESTRIANS
690 _aPROPERTY-COMMERCIAL PROPERTY
700 _aWrigley, N.
942 _n0
948 _c04/03/1997
999 _c4461
_d4461